<?xml version="1.0" encoding="UTF-8"?>
<record
    xmlns:xsi="http://www.w3.org/2001/XMLSchema-instance"
    xsi:schemaLocation="http://www.loc.gov/MARC21/slim http://www.loc.gov/standards/marcxml/schema/MARC21slim.xsd"
    xmlns="http://www.loc.gov/MARC21/slim">

  <leader>00508nam a22001937a 4500</leader>
  <controlfield tag="003">LK-CoDNM</controlfield>
  <controlfield tag="005">20241101112937.0</controlfield>
  <controlfield tag="008">241101b        |||||||| |||| 00| 0 eng d</controlfield>
  <datafield tag="020" ind1=" " ind2=" ">
    <subfield code="a">9789559974499</subfield>
  </datafield>
  <datafield tag="040" ind1=" " ind2=" ">
    <subfield code="a">LK-CoDNM</subfield>
    <subfield code="d">LK-CoDNM</subfield>
    <subfield code="e">LK-CoDNM</subfield>
  </datafield>
  <datafield tag="041" ind1=" " ind2=" ">
    <subfield code="a">sin</subfield>
  </datafield>
  <datafield tag="080" ind1=" " ind2=" ">
    <subfield code="a">940</subfield>
    <subfield code="b">JAY</subfield>
  </datafield>
  <datafield tag="100" ind1=" " ind2=" ">
    <subfield code="a">&#xDA2;&#xDBA;&#xDAD;&#xDD2;&#xDBD;&#xD9A;,&#xDB4;&#xDD3; &#xDA9;&#xDB6;&#xDCA;&#xDBD;&#xDD2;&#xDC0;&#xDCA;</subfield>
  </datafield>
  <datafield tag="245" ind1=" " ind2=" ">
    <subfield code="a">&#xDBA;&#xDD4;&#xDBB;&#xDDD;&#xDB4;&#xDCF;  &#xD89;&#xDAD;&#xDD2;&#xDC4;&#xDCF;&#xDC3;&#xDBA;</subfield>
  </datafield>
  <datafield tag="260" ind1=" " ind2=" ">
    <subfield code="a">Author</subfield>
  </datafield>
  <datafield tag="300" ind1=" " ind2=" ">
    <subfield code="a">272p,21cm</subfield>
  </datafield>
  <datafield tag="650" ind1=" " ind2=" ">
    <subfield code="a">&#xD89;&#xDAD;&#xDD2;&#xDC4;&#xDCF;&#xDC3;&#xDBA;</subfield>
  </datafield>
  <datafield tag="942" ind1=" " ind2=" ">
    <subfield code="c">BK</subfield>
  </datafield>
  <datafield tag="952" ind1=" " ind2=" ">
    <subfield code="0">0</subfield>
    <subfield code="1">0</subfield>
    <subfield code="4">0</subfield>
    <subfield code="7">0</subfield>
    <subfield code="8">MONO</subfield>
    <subfield code="a">MAIN</subfield>
    <subfield code="b">MAIN</subfield>
    <subfield code="c">REF</subfield>
    <subfield code="d">2024-11-01</subfield>
    <subfield code="l">1</subfield>
    <subfield code="o">940 JAY</subfield>
    <subfield code="p">159677</subfield>
    <subfield code="q">2024-11-22</subfield>
    <subfield code="r">2024-11-01</subfield>
    <subfield code="s">2024-11-01</subfield>
    <subfield code="w">2024-11-01</subfield>
    <subfield code="y">BK</subfield>
  </datafield>
  <datafield tag="999" ind1=" " ind2=" ">
    <subfield code="c">225279</subfield>
    <subfield code="d">225279</subfield>
  </datafield>
</record>
